| 000 | 00400cam a2200157ua 4500 | ||
|---|---|---|---|
| 003 | OSt | ||
| 008 | 240320b |||||||| |||| 00| 0 eng d | ||
| 041 | _aeng | ||
| 082 |
_a634.573 _bPRA/CL |
||
| 100 |
_aPrasada Rao, G S L H V. _96148 |
||
| 245 | _aClimate and cashew / | ||
| 250 | _a1 / | ||
| 260 |
_aThrissur : _bDepartment of Agricultural Meteorology , _c2002. |
||
| 300 | _a100 ; . | ||
| 942 | _cBK | ||
| 999 |
_c8507 _d8507 |
||